Efektívny komunikačný mix ako nástroj zvýšenia konkurencieschopnosti firmy bakalárska práca

Enregistré dans:
Détails bibliographiques
Auteur principal: Achberger, Henrich
Collectivité auteur: Obchodná fakulta EU. Katedra marketingu
Autres auteurs: Zámečník, Peter
Format: Livre
Langue:slovaque
Publié: Bratislava 2015
Tags: Ajouter un tag
Pas de tags, Soyez le premier à ajouter un tag!

MARC

LEADER 00000nbm a2200000 4500
001 0206513
005 20170111082953.8
041 0 |a slo 
044 |a SK 
245 1 0 |a Efektívny komunikačný mix ako nástroj zvýšenia konkurencieschopnosti firmy  |b bakalárska práca  |c Henrich Achberger ; školiteľ: Peter Zámečník 
264 1 |a Bratislava  |c 2015 
300 |a 59 s. 
100 1 |a Achberger, Henrich 
700 1 |a Zámečník, Peter 
710 2 |a Obchodná fakulta EU. Katedra marketingu